History of economic thought. (Record no. 1069)
[ view plain ]
| 000 -LEADER | |
|---|---|
| fixed length control field | 00518cam a2200205ua 4500 |
| 001 - CONTROL NUMBER | |
| control field | 1158 |
| 005 - DATE AND TIME OF LATEST TRANSACTION | |
| control field | 20260515113305.0 |
| 008 - FIXED-LENGTH DATA ELEMENTS--GENERAL INFORMATION | |
| fixed length control field | 110429n ii |||gr||||Z||||||eng |
| 020 ## - INTERNATIONAL STANDARD BOOK NUMBER | |
| International Standard Book Number | 81-219-00818-3 |
| 040 ## - CATALOGING SOURCE | |
| Transcribing agency | MAIN |
| 082 ## - DEWEY DECIMAL CLASSIFICATION NUMBER | |
| Classification number | 330.1508 |
| 245 1# - TITLE STATEMENT | |
| Title | History of economic thought. |
| Statement of responsibility, etc. | By V Lokanathan. |
| 250 ## - EDITION STATEMENT | |
| Edition statement | 1st. |
| 260 ## - PUBLICATION, DISTRIBUTION, ETC. | |
| Place of publication, distribution, etc. | New Delhi.: |
| Name of publisher, distributor, etc. | S-chand., |
| Date of publication, distribution, etc. | 2004. |
| 300 ## - PHYSICAL DESCRIPTION | |
| Extent | viii, 471 p.: |
| Dimensions | 20 cm. |
| 653 ## - INDEX TERM--UNCONTROLLED | |
| Uncontrolled term | Economics. |
| 653 ## - INDEX TERM--UNCONTROLLED | |
| Uncontrolled term | History of economic thought. |
| 700 ## - ADDED ENTRY--PERSONAL NAME | |
| Personal name | Lokanathan, V., |
| 942 ## - ADDED ENTRY ELEMENTS (KOHA) | |
| Koha item type | Books |
| Withdrawn status | Lost status | Damaged status | Not for loan | Home library | Current library | Shelving location | Date acquired | Total checkouts | Full call number | Barcode | Date last seen | Date last checked out | Copy number | Price effective from | Koha item type |
|---|---|---|---|---|---|---|---|---|---|---|---|---|---|---|---|
| Naharkatiya College Library | Naharkatiya College Library | General stacks | 09/19/2020 | 1 | 330.1508 | LOK | 15762 | 12/11/2025 | 12/03/2025 | 2 | 09/19/2020 | Books | ||||
| Naharkatiya College Library | Naharkatiya College Library | General stacks | 09/19/2020 | 3 | 330.1508 | LOK | 15763 | 07/22/2021 | 04/01/2021 | 4 | 09/19/2020 | Books | ||||
| Naharkatiya College Library | Naharkatiya College Library | General stacks | 09/19/2020 | 6 | 330.1508 | LOK | 16276 | 12/17/2025 | 12/04/2025 | 1 | 09/19/2020 | Books | ||||
| Naharkatiya College Library | Naharkatiya College Library | General stacks | 09/19/2020 | 1 | 330.1508 | LOK | 16277 | 12/12/2025 | 12/03/2025 | 3 | 09/19/2020 | Books |